=LDR 00000nam 2200000 4500 =001 INLIS000000000056435 =005 20200903013827 =035 ##$$a 0010-0920000066 =007 ta =008 200903################g##########0#ind## =020 ##$$a 979-9579-06-6 =082 ##$$a 302.235 982 2 =084 ##$$a 302.235 982 2 PER p =245 ##$$a Peranan nilai budaya daerah dalam gerakan disiplin nasional di Jawa Tengah /$c Dra. Yety Rochwulaningsih, M.Si.{at.al} =260 ##$$a Semarang :$b Depdikbud RI,$c 1998 =300 ##$$a viii, 97 hlm. : $b ilus. ; $c 21 x 16 cm. =600 #4$$a Kebudayaan - Jawa Tengah =990 ##$$a 09630963 =990 ##$$a 137.231/Hd-98